Partidos políticos, voto obligatorio y asistencia a las urnas en Costa Rica: 1897-1948 /

El propósito de este artículo es identificar las tendencias principales en cuanto a la asistencia a las urnas que caracterizaron a Costa Rica durante la primera mitad del siglo XX

Sparad:
Bibliografiska uppgifter
Huvudupphovsman: Molina Jiménez, Iván
Materialtyp: Text
Ämnen:
Taggar: Lägg till en tagg
Inga taggar, Lägg till första taggen!

MARC

LEADER 00000 a a2200000 04500
001 16845
003
040
100 |a Molina Jiménez, Iván  
245 |a Partidos políticos, voto obligatorio y asistencia a las urnas en Costa Rica: 1897-1948 /  |c Iván Molina Jiménez 
520 |a El propósito de este artículo es identificar las tendencias principales en cuanto a la asistencia a las urnas que caracterizaron a Costa Rica durante la primera mitad del siglo XX  
650 |a PARTIDOS POLITICOS  
650 |a ELECCIONES  
650 |a VOTACION  
650 |a PARTICIPACION POLITICA  
650 |a ELECCIONES  
650 |a PARTIDOS POLITICOS  
773 |g volumen 12, número 3; páginas 185-210  
999 |c 23431  |d 23431